[Event "Chambery op 14th"]
[Site "Chambery"]
[Date "2008.08.04"]
[Round "3"]
[White "Mas, Bernard"]
[Black "Blanc, Jacques"]
[Result "1-0"]
[WhiteElo "1540"]
[BlackElo "1400"]
[PlyCount "49"]
[EventDate "2008.08.04"]
[EventType "swiss"]
[EventRounds "9"]
[EventCountry "FRA"]
[SourceTitle "EXT 2009"]
[Source "ChessBase"]
[SourceDate "2008.11.26"]
[SourceVersion "1"]
[SourceVersionDate "2008.11.26"]
[SourceQuality "1"]

1. e4 e6 2. d4 d6 3. Nf3 Be7 4. Be2 Nd7 5. Nc3 Ngf6 6. 0-0 e5 7. d5 h6 8. Nh4 Nxe4 9. Nxe4 Bxh4 10. f4 exf4 11. Rxf4 Bf6 12. Qf1 0-0 13. c3 b6 14. Bb5 a6 15. Bc6 Rb8 16. Bxd7 Bxd7 17. Nxf6+ gxf6 18. Rxf6 Qe7 19. Bxh6 Rfe8 20. Bg5 Qf8 21. Qf3 Re5 22. Bh6 Rf5 23. Qg3+ Kh7 24. Bxf8 Rxf6 25. Qg7# 1-0